00522nam a2200193 a 4500001001300000003000900013005001700022008004100039020002300080082001300103100001500116245004500131260005000176300001000226500003500236505002400271650001800295700001500313nice12345678IN_TiNIC20260116014718.0131003s2013 newa grp 000 0 eng  a9788130919034c29500a170bWOD aWoods, Tim aBeginning Postmodernism - Second Edition aNew Delhi bViva Books Private Limited c2013 a329p  aincludes index and biblioraphy2 aBibliography, Index aPostmodernism1 aWoods, Tim